000 00288 a2200133 4500
020 _a0134613775
090 _c2220
_d2220
100 _aLOVELOCK, CHRISTOPHER. H
245 _aSERVICES MARKETING
250 _a3RD
260 _aNEW DELHI
300 _a660
942 _aNBS
_cBK
_k658.8 LOV
999 _c344722
_d344722